01401 a2200217 45000010006000000050017000060080041000230030015000640400040000790800045001192450108001640200022002722500012002942640026003063000019003325050676003510410008010271000025010357000024010608560099010844503920260407155725.0260407a2006 arg spa dAR-UNSa-BCEJYS aAR-UNSa-BCEJYSbspacAR-UNSa-BCEJYS a331.2xSalarios. Sueldos. Remuneraciones10a¿Para qué sirve el salario mínimo?pelementos para su determinación en los países del Cono Sur a978-92-2-318635-7 a2a. ed. 1aSantiago :bOITc2006 a309 p.c23 cm. a1. Desempolvando el salario mínimo : Reflexiones a partir de la experiencia en el Cono Sur / Andrés Marinakis – 2. Argentina : La recuperación del salario mínimo como herramienta de política de ingresos / Daniel Kostzer – 3. Brasil : La institucionalidad del salario mínimo / Marcelo Neri y Rodrigo Maura – 4. Chile : Las lecciones de la aplicación reciente del salario mínimo / Andrés Marinakis y Juan Jacobo Velasco – 5. Paraguay : Evolución reciente y propuestas para una modernización del salario mínimo / Andrés Marinakis y Juan Jacobo Velasco – 6. Uruguay : Impuesto social y economía del salario mínimo / Magdalena Furtado.  aspa1 aVelasco, Juan Jacobo1 aMarinakis, Andrés41uhttps://www.biblioeco.unsa.edu.ar/pmb/images/libros/L127063.jpgyImagen de portadaqimage/jpeg